000 00996cam a2200277 a 4500
001 1227
005 20230808154016.0
008 060127s2006 nyuab c 000 1 eng
020 _a0439078067
040 _aDLC
_cDLC
_dIG#
_dBAKER
_dBTCTA
_dDLC
_beng
050 0 0 _aPZ7.M9535
_bDes 2006
082 0 0 _a[Fic]
_222
100 1 _aMurphy, Jim,
_d1947-
245 1 0 _aDesperate journey /
_cJim Murphy.
250 _a1st ed.
260 _aNew York :
_bScholastic Press,
_c2006.
300 _a278 pages. :
_billustrations., maps ;
_c20 cm.
505 _aT
520 _aIn the mid-1800s, with both her father and her uncle in jail on an assault charge, Maggie, her brother, and her ailing mother rush their barge along the Erie Canal to deliver their heavy cargo or lose everything.
521 _a810
_bLexile
521 _aT
_bRaz-Plus
650 1 _aRiver boats
_vFiction.
650 1 _aFamily life
_vFiction.
906 _a7
_bcbc
_corignew
_d1
_eecip
_f20
_gy-gencatlg
942 _2ddc
_cBK
_n0
999 _c1227
_d1227